[Event "Ch Moscow (open)"]
[Site "masterchessopen.com - Moscow (Russia)"]
[Round "2"]
[White "Kretchetov Alexandre (RUS)"]
[Black "Savitskaya Ekaterina P (RUS)"]
[Result "0-1"]
[WhiteElo "2320"]
[BlackElo "2170"]

1.Nf3 e6 2.c4 f5 3.g3 Nf6 4.Bg2 d6 5.d4 Be7 6.O-O O-O 7.Nc3 Qe8 8.b3 a5 9.Re1
Qg6 10.Ba3 Na6 11.d5 exd5 12.cxd5 Ne4 13.Rc1 Bd7 14.e3 Nxc3 15.Rxc3 Bf6 16.Rc2
b5 17.Nd4 b4 18.Bb2 Nc5 19.a4 Rae8 20.Rd2 f4 21.exf4 Rxe1+ 22.Qxe1 Bxd4
23.Rxd4 Nxb3 24.Rc4 Re8 25.Qd1 Nc5 26.Bf1 Bxa4 27.Qa1 Bb3 28.f5 Qxf5 29.Rf4
Qg6 30.Qxa5 Nd3 31.Rf3 Nc5 32.Qxc7 Bxd5 33.Rf4 Ne6 34.Qxd6 Nxf4 35.Qxf4 Qe4
{#R} 0-1

[Event "Memorial A.Alekhine (open)"]
[Site "masterchessopen.com - Moscow (Russia)"]
[Round "1"]
[White "Mitenkov Alexey (RUS)"]
[Black "Savitskaya Ekaterina P (RUS)"]
[Result "1-0"]
[WhiteElo "2470"]
[BlackElo "2170"]

1.d4 f5 2.g3 Nf6 3.Bg2 e6 4.Nf3 Be7 5.O-O O-O 6.c4 d6 7.Nc3 Qe8 8.b3 a5 9.Bb2
Na6 10.a3 c6 11.b4 axb4 12.axb4 Bd7 13.Qb3 Nc7 14.Rxa8 Nxa8 15.c5 Nd5 16.Nd2
Nxc3 17.Bxc3 d5 18.Nf3 Nc7 19.Bd2 Nb5 20.Bf4 Qd8 21.e3 Be8 22.Be5 Bh5 23.Ra1
g5 24.Qb2 Bxf3 25.Bxf3 Bf6 26.Bxf6 Qxf6 27.Be2 f4 28.Bxb5 cxb5 29.Qe2 e5
30.dxe5 Qxe5 31.Rd1 fxe3 32.Qxe3 Qxe3 33.fxe3 Rd8 34.Ra1 d4 35.Kf2 Rf8+ 36.Ke2
Re8 37.Ra7 Rxe3+ 38.Kd2 Kf7 39.c6 Re8 40.Rxb7+ Ke6 41.Rxb5 Kd6 42.Rc5 Rc8
43.Kd3 h6 44.Kxd4 {#r} 1-0

[Event "Olympiad"]
[Site "masterchessopen.com - Yerevan (Armenia)"]
[Round "12"]
[White "Santa Luis A (PUR)"]
[Black "Corbin Philip (BAR)"]
[Result "0-1"]
[WhiteElo "2184"]
[BlackElo "2245"]

1.Nf3 f5 2.d4 Nf6 3.g3 e6 4.Bg2 Be7 5.O-O O-O 6.c4 d6 7.b3 Qe8 8.Nc3 Qh5 9.e3
g5 10.Bb2 Nbd7 11.Ne1 Qg6 12.Nd3 Ne4 13.Qe2 Nxc3 14.Bxc3 Nf6 15.f3 Bd7 16.e4
Rae8 17.e5 Nh5 18.f4 Bc6 19.d5 exd5 20.cxd5 Bb5 21.a4 Ba6 22.Qd2 gxf4 23.gxf4
dxe5 24.Nxe5 Bc5+ 25.Rf2 Qb6 26.Ra2 Be3 27.Qd1 Nxf4 28.Nd7 Bxf2+ 29.Rxf2 Ne2+
30.Qxe2 Rxe2 31.Nxb6 Rxf2 32.Kxf2 axb6 33.d6 c6 34.Ke3 Kf7 35.Kd4 Ke6 36.d7
Rd8 37.Ke3 Rxd7 38.Bd4 c5 39.Bh8 Rd8 40.Ba1 Rd3+ 41.Kf4 Rxb3 {#R} 0-1

[Event "Ch NRW"]
[Site "masterchessopen.com - Cologne (Germany)"]
[Round "3"]
[White "Steinkuehler Guenter (GER)"]
[Black "Seiler Andreas (GER)"]
[Result "0-1"]
[WhiteElo "2138"]
[BlackElo "2252"]

1.d4 f5 2.Nf3 Nf6 3.c4 e6 4.g3 Be7 5.Bg2 O-O 6.O-O d6 7.b3 Qe8 8.Nc3 a5 9.Bb2
Na6 10.e3 c6 11.Qe2 Bd7 12.e4 fxe4 13.Nxe4 Nxe4 14.Qxe4 Qh5 15.Nd2 e5 16.Bf3
Qh6 17.Rad1 Bg5 18.Nb1 Bf5 19.Qe2 e4 20.Bxe4 Rae8 21.f3 Be3+ 22.Kh1 Rxe4
23.Bc1 Ree8 {#R} 0-1

[Event "It (open)"]
[Site "masterchessopen.com - Cseppko (Hungary)"]
[Round "9"]
[White "Bognar Csaba (HUN)"]
[Black "Kun Gabor (HUN)"]
[Result "1-0"]
[WhiteElo "2120"]
[BlackElo "2210"]

1.d4 e6 2.c4 f5 3.Nf3 Nf6 4.g3 Be7 5.Bg2 O-O 6.O-O d6 7.Nc3 Qe8 8.b3 Qh5 9.Ba3
g5 10.Qd2 Ng4 11.d5 e5 12.h3 Nh6 13.Nxe5 Bf6 14.Nf3 g4 15.Nh2 f4 16.gxf4 Qg6
17.Kh1 Kh8 18.Bb2 gxh3 19.Bf3 Bg4 20.Nxg4 Nxg4 21.Bxg4 Qxg4 22.Rg1 Qh4 23.Ne4
Nd7 24.Nxf6 Nxf6 25.Qd4 Rf7 26.Rg5 h2 27.Qxf6+ {#r} 1-0

[Event "It (open)"]
[Site "masterchessopen.com - Cseppko (Hungary)"]
[Round "5"]
[White "Kiss Pal (HUN)"]
[Black "Kun Gabor (HUN)"]
[Result "1-0"]
[WhiteElo "2450"]
[BlackElo "2210"]

1.d4 e6 2.Nf3 f5 3.g3 Nf6 4.Bg2 Be7 5.O-O O-O 6.c4 d6 7.Nc3 Qe8 8.b3 Qh5 9.Ba3
Nc6 10.d5 Nd8 11.Rc1 e5 12.Nxe5 f4 13.gxf4 Ng4 14.Nxg4 Bxg4 15.f3 Bh3 16.Bxh3
Qxh3 17.e3 Rf6 18.Rc2 Rg6+ 19.Kh1 Nf7 20.Rg1 Nh6 21.Qf1 Qh5 22.e4 Rf8 23.f5
Rxg1+ 24.Kxg1 g6 25.Rg2 Kh8 26.Ne2 gxf5 27.Bb2+ Bf6 28.Bxf6+ Rxf6 29.Qa1 Qh4
30.Ng3 Ng8 31.Nxf5 Qf4 32.Rxg8+ Kxg8 33.Qxf6 Qc1+ 34.Kg2 Qd2+ 35.Kh3 {#r} 1-0

[Event "Cup European Club"]
[Site "masterchessopen.com - Eupen (Belgium)"]
[Round "3"]
[White "Chuchelov Vladimir (BEL)"]
[Black "Spice Alan (WLS)"]
[Result "1-0"]
[WhiteElo "2540"]
[BlackElo "2125"]

1.d4 e6 2.Nf3 f5 3.g3 Nf6 4.Bg2 Be7 5.O-O O-O 6.c4 d6 7.Nc3 Qe8 8.b3 a5 9.Bb2
c6 10.Re1 d5 11.e3 { ? } 11...b5 { ?! } 12.Ne5 Ne4 13.Ne2 { !? } 13...Bf6 (
13...Bb4 14.Rf1 Bd6 15.f3 Ng5 ( 15...Nf6 16.a4 b4 17.Rc1 Ba6 18.Qd2 Nfd7
19.cxd5 cxd5 20.Rc2 { ? } ) 16.a4 b4 ( 16...bxc4 17.bxc4 Ba6 18.Qd2 { ? }
18...Bxe5 19.dxe5 Bxc4 20.Ba3 Nd7 21.Bxf8 Qxf8 ) 17.Rc1 Ba6 18.cxd5 cxd5
19.Qd2 Nd7 20.Rc2 { ? } ) 14.f3 Nd6 15.cxb5 cxb5 16.Rc1 b4 17.Nf4 Ba6 18.Qd2 {
± } 18...Nd7 { ? } ( 18...Ra7 19.a3 Rb7 20.axb4 axb4 21.Rc5 Qe7 22.Ra1 { ± } )
19.Rc6 { +?? } 19...Be7 ( 19...Qe7 20.Rc7 Bb5 21.a4 { ! } 21...bxa3 22.Bxa3
Rfc8 23.Rxc8+ Rxc8 24.Qxa5 { +?? } ) 20.Rc7 Nxe5 21.dxe5 Nb5 22.Nxe6 { ! }
22...Qf7 23.Rxe7 Qxe7 24.Nxf8 Bb7 25.Nxh7 Kxh7 26.Qd3 { } {#r} 1-0

[Event "Ch Germany (juniors) (under 13)"]
[Site "masterchessopen.com - Friedrichroda (Germany)"]
[Round "3"]
[White "Seifert Volker (GER)"]
[Black "Schulte Stefanie (GER)"]
[Result "1-0"]
[WhiteElo "2319"]
[BlackElo "2103"]

1.d4 f5 2.c4 e6 3.Nf3 Nf6 4.g3 Be7 5.Bg2 O-O 6.O-O d6 7.b3 Qe8 8.Nc3 Nc6 9.Bb2
Qg6 10.Qc2 e5 11.Nb5 exd4 12.Nxc7 Rb8 13.Nxd4 Nxd4 14.Bxd4 b6 15.Rad1 Rd8
16.Bb2 Ng4 17.Rd2 h5 18.h3 Nh6 19.h4 Qg4 20.Nd5 Bxh4 21.Rd4 Qg5 22.gxh4 Qg6
23.Ne7+ {#r} 1-0

[Event "It (open) (a)"]
[Site "masterchessopen.com - Hassloch (Germany)"]
[Round "2"]
[White "Koehler Ronald (GER)"]
[Black "Orban Andreas (GER)"]
[Result "1-0"]
[WhiteElo "2284"]
[BlackElo "2167"]

1.d4 e6 2.Nf3 f5 3.g3 Nf6 4.Bg2 Be7 5.O-O O-O 6.c4 d6 7.Nc3 Qe8 8.b3 a5 9.Re1
Qg6 10.Ba3 Na6 11.Ne5 Qh6 12.e3 Rb8 13.f4 Re8 14.Nd3 Bd7 15.e4 fxe4 16.Nxe4
Nxe4 17.Bxe4 g6 18.Bb2 Bf6 19.Qd2 Qg7 20.Nf2 h5 21.Bg2 b6 22.Ne4 Kh7 23.Re2
Re7 24.Rae1 Rbe8 25.a3 Nb8 26.Bc3 Bc8 27.h4 Nd7 28.b4 axb4 29.axb4 Nf8 30.Qb2
Kg8 31.Kh2 Nh7 32.Bh3 Nf8 33.c5 bxc5 34.bxc5 dxc5 35.Nxf6+ Qxf6 36.dxc5 Qf7
37.c6 Nh7 38.Bb4 Nf6 39.Bxe7 Rxe7 40.Qb8 {#r} 1-0

[Event "Ch Russia (w) (1 liga)"]
[Site "masterchessopen.com - Kolontaevo (Russia)"]
[Round "2"]
[White "Ovod Evgenija (RUS)"]
[Black "Savitskaya Ekaterina P (RUS)"]
[Result "0-1"]
[WhiteElo "2215"]
[BlackElo "2260"]

1.d4 f5 2.g3 Nf6 3.Bg2 e6 4.Nf3 Be7 5.O-O O-O 6.c4 d6 7.Nc3 Qe8 8.b3 a5 9.Bb2
Na6 10.a3 c6 11.b4 axb4 12.axb4 Bd7 13.Qb3 Nc7 14.Rxa8 Nxa8 15.c5 Nc7 16.Bc1
Ncd5 17.Nxd5 Nxd5 18.Bg5 Bxg5 19.Nxg5 Qe7 20.f4 h6 21.Nh3 Ra8 22.Nf2 b6 23.e4
fxe4 24.Nxe4 dxc5 25.dxc5 b5 26.Nc3 Kh8 27.Rd1 Qf6 28.Ne4 Qg6 29.Nd6 Ra4
30.Bxd5 exd5 31.Qb2 Bh3 32.Re1 Rxb4 33.Qe2 Kh7 34.Qf2 Rb1 35.f5 Rxe1+ 36.Qxe1
Qf6 37.Qd2 Bxf5 38.Nxf5 Qxf5 39.h4 Qe4 40.h5 b4 41.Kh2 b3 42.Kh3 Qc2 {#R} 0-1

[Event "It (cat.7)"]
[Site "masterchessopen.com - Moscow (Russia)"]
[Round "4"]
[White "Lomineishvili Maia (GEO)"]
[Black "Rychagov Andrey (RUS)"]
[Result "1-0"]
[WhiteElo "2350"]
[BlackElo "2495"]

1.d4 e6 2.c4 f5 3.Nf3 Nf6 4.g3 Be7 5.Bg2 O-O 6.O-O d6 7.Nc3 Qe8 8.b3 a5 9.Bb2
Na6 10.Re1 Qg6 11.e4 fxe4 12.Nxe4 Nxe4 13.Rxe4 e5 14.Nh4 Bxh4 15.Rxh4 exd4
16.Qxd4 Nc5 17.Re1 Nd3 18.Qd5+ Kh8 19.Be4 {#r} 1-0

[Event "It (open)"]
[Site "masterchessopen.com - Muenster (Germany)"]
[Round "1"]
[White "Espig Lutz (GER)"]
[Black "Stolte Alexander (GER)"]
[Result "1-0"]
[WhiteElo "2410"]
[BlackElo "2200"]

1.Nf3 f5 2.g3 Nf6 3.Bg2 e6 4.c4 Be7 5.O-O O-O 6.b3 d6 7.d4 Qe8 8.Nc3 a5 9.Qc2
Nc6 10.a3 Qh5 11.d5 Nd8 12.dxe6 Nxe6 13.Nd5 Bd8 14.Bb2 f4 15.Nxf4 Nxf4 16.gxf4
Bh3 17.Bxh3 Qxh3 18.Ng5 Qh4 19.Qf5 Qh5 20.f3 c6 21.Bd4 Re8 22.e4 h6 23.Ne6
Qxf5 24.exf5 Nh5 25.Ra2 Kf7 26.Rg2 Bf6 27.Rd1 Rac8 28.Bxf6 Kxf6 29.Rxd6 Kxf5
30.Re2 Rxe6 31.Rdxe6 Kxf4 32.Kf2 Nf6 33.Re7 b5 34.Rxg7 bxc4 35.bxc4 Rb8 36.Rf7
Kf5 37.Ra7 Rb3 38.Rxa5+ Kf4 39.Kg2 Rc3 40.Rc5 Rxf3 41.Rxc6 Ng4 42.Rce6 Rxa3
43.R6e4+ Kf5 44.h3 Nf6 45.R4e3 Ra4 46.Rf2+ {#r} 1-0

[Event "Ch Yugoslavia (team) (w)"]
[Site "masterchessopen.com - Niksic (Yugoslavia)"]
[Round "5"]
[White "Matveeva Svetlana (RUS)"]
[Black "Stepovaia Tatiana (RUS)"]
[Result "1-0"]
[WhiteElo "2470"]
[BlackElo "2340"]

1.d4 e6 2.c4 f5 3.Nf3 Nf6 4.g3 Be7 5.Bg2 d6 6.O-O O-O 7.b3 Qe8 8.Nc3 a5 9.Re1
Qg6 10.Bg5 Nc6 11.d5 Ne5 12.Bh4 Nxf3+ 13.exf3 e5 14.f4 Bd8 15.fxe5 dxe5
16.Rxe5 Ng4 17.Bxd8 Nxe5 18.Bxc7 Nd7 19.d6 Nf6 20.Nd5 Qe8 21.Qd2 Ne4 22.Qd4
Kh8 23.Nb6 Bd7 24.Nxa8 Qxa8 25.Re1 Re8 26.Re3 h6 27.g4 Nf6 28.gxf5 Bxf5 29.Re7
a4 30.b4 a3 31.Ba5 Rxe7 32.dxe7 Bd7 33.Qb6 Kh7 34.Qd8 Qc8 35.Be4+ g6 36.Bd5
{#r} 1-0

[Event "Ch Europe (team)"]
[Site "masterchessopen.com - Pula (Croatia)"]
[Round "9"]
[White "San Segundo Carrillo Pablo (ESP)"]
[Black "Spice Alan (WLS)"]
[Result "1-0"]
[WhiteElo "2495"]
[BlackElo "2125"]

1.c4 f5 2.g3 Nf6 3.Bg2 e6 4.Nc3 Be7 5.Nf3 O-O 6.O-O d6 7.d4 Qe8 8.b3 a5 9.Bb2
c6 10.Qc2 d5 11.e3 b5 12.Ne5 Ra7 13.Rfc1 Ne4 14.a4 bxc4 15.bxc4 Bd6 16.cxd5
Nxc3 17.Qxc3 cxd5 18.Ba3 Bxa3 19.Rxa3 Bd7 20.Qc5 Qc8 21.Bf1 Qxc5 22.Rxc5 Rd8
23.Rac3 Kf8 24.Bb5 Ke8 25.Nxd7 Nxd7 26.Rc7 Rxc7 27.Rxc7 Ke7 28.Ra7 Kd6 29.Ra6+
Ke7 30.Rxa5 Kf6 31.Ra6 Nb8 32.Rb6 Nd7 33.Rb7 Nf8 34.a5 Rc8 35.a6 {#r} 1-0

[Event "It (open)"]
[Site "masterchessopen.com - Pula (Croatia)"]
[Round "4"]
[White "Kragelj Igor (SLO)"]
[Black "Bursic Elvis (CRO)"]
[Result "1-0"]
[WhiteElo "2285"]
[BlackElo "1979"]

1.d4 f5 2.g3 e6 3.Bg2 Nf6 4.Nf3 d6 5.O-O Be7 6.c4 O-O 7.Nc3 Qe8 8.b3 Ne4 9.Bb2
Nxc3 10.Bxc3 Nd7 11.Qd3 Nf6 12.Nd2 Qh5 13.e4 e5 14.exf5 Bxf5 15.Ne4 Nxe4
16.Bxe4 Bxe4 17.Qxe4 Qf3 18.Qxf3 Rxf3 19.Bb2 exd4 20.Bxd4 Rd3 21.Rad1 Rxd1
22.Rxd1 Kf7 23.Kg2 Re8 24.Re1 Bf8 25.Rxe8 Kxe8 26.Kf3 Ke7 27.Bxa7 b6 28.a4 Kd7
29.a5 bxa5 30.Bd4 Kc6 31.Ke4 g6 32.Bc3 Kb6 33.Kd5 c6+ 34.Ke6 Kc5 35.Kf7 Bh6
36.Bxa5 d5 37.cxd5 cxd5 38.f4 g5 39.f5 Kd6 40.f6 Kd7 41.Kg8 g4 42.f7 {#r} 1-0

[Event "Ch World (juniors) (under 20) (g)"]
[Site "masterchessopen.com - Zagan (Poland)"]
[Round "1"]
[White "Zielinska Danuta (POL)"]
[Black "Zatonskih Anna (USA)"]
[Result "0-1"]
[WhiteElo "2070"]
[BlackElo "2325"]

1.d4 e6 2.c4 f5 3.Nf3 Nf6 4.g3 Be7 5.Bg2 O-O 6.O-O d6 7.b3 Qe8 8.Nc3 a5 9.Ba3
Na6 10.Re1 c6 11.Nd2 e5 12.dxe5 dxe5 13.Bxe7 Qxe7 14.e4 Nb4 15.exf5 Bxf5
16.Nde4 Rad8 17.Qe2 Nxe4 18.Nxe4 Nd3 19.Rf1 Rd4 20.Qe3 Rfd8 21.Qg5 Qf7 22.Nc3
h6 23.Qe3 Qf6 24.Ne2 R4d7 25.Qb6 Nb4 26.Nc3 Nc2 27.Rac1 Nd4 28.Rfe1 Bd3 29.Re3
Bg6 30.Qxa5 Nc2 31.Re2 Rd2 32.Qxe5 Qxe5 33.Rxe5 R8d3 34.Re7 Rxc3 35.Rxb7 Nd4
36.Rxc3 Rd1+ 37.Bf1 Ne2+ 38.Kg2 Nxc3 39.Rb8+ Kh7 40.a3 Be4+ 41.Kh3 Rxf1 42.b4
Rxf2 43.c5 Bf5+ {#R} 0-1

[Event "Ch Argentina (1/2 final)"]
[Site "masterchessopen.com - Buenos Aires (Argentina)"]
[Round "6"]
[White "Llanos Guillermo (ARG)"]
[Black "Iglesias Alejandro (ARG)"]
[Result "1-0"]
[WhiteElo "2425"]
[BlackElo "2244"]

1.d4 e6 2.c4 f5 3.g3 Nf6 4.Bg2 Be7 5.Nf3 O-O 6.O-O d6 7.Nc3 Qe8 8.b3 Qh5 9.Bb2
c6 10.e3 Nbd7 11.Ba3 Rf7 12.Re1 g5 13.Nd2 Qg6 14.b4 e5 15.b5 cxb5 16.Nxb5 Qh6
17.Nf1 Qf8 18.Nc7 Rb8 19.Ne6 Qh6 20.f4 gxf4 21.exf4 e4 22.d5 Ne8 23.Ne3 Nf8
24.Nd4 a6 25.Rb1 Qg6 26.Nc6 Ra8 27.Nxe7+ Rxe7 28.Qd4 h5 29.c5 h4 30.cxd6 Rh7
31.g4 h3 32.Bh1 Rh4 33.Kf2 Nf6 34.d7 N8xd7 35.Rg1 fxg4 36.d6 Qh6 37.Nd5 Kf7
38.Bxe4 g3+ 39.Rxg3 Rxf4+ 40.Nxf4 Qxf4+ 41.Rf3 Qxh2+ 42.Ke3 Ne5 43.Bb2 Ng4+
44.Kd3 {#r} 1-0

[Event "Ch Catalunia (team)"]
[Site "masterchessopen.com - Catalunia (Spain)"]
[Round "6"]
[White "Gil Gonzalez Jose Manuel (ESP)"]
[Black "Herrero Sabartes Joan (ESP)"]
[Result "1-0"]
[WhiteElo "2395"]
[BlackElo "2280"]

1.d4 f5 2.g3 Nf6 3.Bg2 e6 4.Nf3 Be7 5.c4 O-O 6.O-O d6 7.Nc3 Qe8 8.b3 Ne4
9.Nxe4 fxe4 10.Ne1 Qg6 11.Qc2 d5 12.Bf4 Na6 13.f3 Nb4 14.Qd2 c5 15.fxe4 dxe4
16.Nc2 Bf6 17.Be5 Bd7 18.Nxb4 cxb4 19.Qxb4 Bxe5 20.dxe5 Bc6 21.Qc5 Qh5
22.Rxf8+ Rxf8 23.Rf1 Rxf1+ 24.Bxf1 Qg5 25.b4 e3 26.b5 Be4 27.Qc8+ Kf7 28.Qd7+
Kf8 29.Qd6+ Kf7 30.Qd7+ Kf8 31.Qxe6 h5 32.Qc8+ Kf7 33.Qd7+ Kg6 34.Qd4 Bb1
35.Bg2 b6 36.Be4+ Bxe4 37.Qxe4+ Kf7 38.Qf4+ Qxf4 39.gxf4 Ke6 40.Kg2 {#r} 1-0

[Event "Bayern Regionalliga Southeast"]
[Site "masterchessopen.com - Germany"]
[Round "4"]
[White "Cuadrado Guillermo"]
[Black "Stroeher Wolfgang"]
[Result "1-0"]
[WhiteElo "2140"]
[BlackElo "1945"]

1.c4 e6 2.Nf3 f5 3.g3 Nf6 4.Bg2 Be7 5.O-O O-O 6.b3 d6 7.d4 Qe8 8.Nc3 a5 9.Bb2
Na6 10.Ne1 c6 11.e4 fxe4 12.Nxe4 Qg6 13.Qe2 Bd7 14.Nd3 Rae8 15.c5 Nxe4 16.Bxe4
Qf7 17.cxd6 Bxd6 18.Ne5 Bxe5 19.dxe5 Nb4 20.Ba3 Bc8 21.Rac1 Rd8 22.Rc4 Rd7
23.Bb1 Qf3 24.Qxf3 Rxf3 25.Bxb4 axb4 26.Rxb4 Rc3 27.Ra4 g6 28.Ra8 Rd8 29.Be4
Kf7 30.Kg2 Ke7 31.h4 Bd7 32.Ra7 Bc8 33.h5 Rc5 34.f4 Kf7 35.hxg6+ hxg6 36.Rh1
Kg7 37.Kf3 Rd4 38.Re1 Rd8 39.Re3 Rc1 40.Kg4 Rcd1 41.Bxc6 {#r} 1-0

[Event "Cup Russia"]
[Site "masterchessopen.com - Krasnoyarsk (Russia)"]
[Round "6"]
[White "Khasin Alexander (RUS)"]
[Black "Shilov Yuri (RUS)"]
[Result "1-0"]
[WhiteElo "2500"]
[BlackElo "2311"]

1.Nf3 e6 2.g3 f5 3.Bg2 Nf6 4.O-O Be7 5.c4 O-O 6.Nc3 d6 7.d4 Qe8 8.b3 Ne4 9.Bb2
Bf6 10.Rc1 Nxc3 11.Bxc3 Nc6 12.d5 Nd8 13.c5 exd5 14.Qxd5+ Be6 15.Qd3 Bxc3
16.Rxc3 d5 17.b4 a6 18.a4 Qxa4 19.Nd4 {#r} 1-0

[Event "It (open)"]
[Site "masterchessopen.com - Passau (Germany)"]
[Round "4"]
[White "Schmidt Peter (GER)"]
[Black "Kaspar Willi (GER)"]
[Result "1-0"]
[WhiteElo "1923"]
[BlackElo "2053"]

1.Nf3 f5 2.g3 Nf6 3.Bg2 e6 4.O-O Be7 5.c4 O-O 6.Nc3 d6 7.d4 Qe8 8.b3 Nbd7
9.Bb2 h6 10.Qc2 Nh7 11.e3 g5 12.Rad1 g4 13.Nd2 h5 14.f4 gxf3 15.Nxf3 Ndf6
16.e4 Ng4 17.Rde1 f4 18.gxf4 Rxf4 19.e5 Ng5 20.h3 Rxf3 21.Bxf3 Nxh3+ 22.Kh1
Bh4 23.Re2 Qf7 24.Ne4 dxe5 25.dxe5 Qf4 26.Nf6+ Bxf6 27.exf6 Qf5 28.Qxf5 exf5
29.Re8+ Kf7 30.Bd5+ Be6 31.Rxe6 {#r} 1-0

[Event "Ch Pan-American (juniors) (under 14)"]
[Site "masterchessopen.com - South America"]
[Round "1"]
[White "Lobos Miguel (CHI)"]
[Black "Miguel Gabriel (BRA)"]
[Result "1-0"]
[WhiteElo "2327"]
[BlackElo "2191"]

1.c4 f5 2.Nf3 Nf6 3.d4 e6 4.g3 Be7 5.Bg2 O-O 6.O-O d6 7.b3 Qe8 8.Nc3 Nbd7
9.Bb2 Qh5 10.e3 a6 11.Ne1 Qh6 12.Nd3 e5 13.dxe5 dxe5 14.Nd5 Bd6 15.c5 Nxc5
16.Nxc5 Bxc5 17.Nxf6+ {#r} 1-0

[Event "Ch Chess Club"]
[Site "masterchessopen.com - Tromsoe (Norway)"]
[Round "0"]
[White "Andreassen Lars (NOR)"]
[Black "Remman Frank (NOR)"]
[Result "1-0"]
[WhiteElo "2205"]
[BlackElo "1922"]

1.d4 f5 2.c4 Nf6 3.Nf3 e6 4.g3 d6 5.Bg2 Be7 6.O-O O-O 7.b3 Qe8 8.Nc3 Na6 9.Re1
Qg6 10.e4 fxe4 11.Nxe4 Nxe4 12.Rxe4 Bf6 13.Qe2 Bd7 14.Bb2 Rae8 15.Re1 Qh5
16.h4 c6 17.Bh3 Nc7 18.Ba3 Be7 19.Ng5 Qxe2 20.R4xe2 d5 21.Bxe7 Rxe7 22.c5 Rfe8
23.a4 h6 24.Nf3 e5 25.Bxd7 Rxd7 26.Rxe5 Rf8 27.Kg2 Rdf7 28.R1e3 Na6 29.Re7 Nb4
30.Rxf7 Rxf7 31.h5 Nc2 32.Re8+ Kh7 33.Nh4 g5 34.hxg6+ Kg7 35.gxf7 Kxf7 36.Rb8
Nxd4 37.Rxb7+ Kf6 38.Rxa7 Nxb3 39.Nf3 Nxc5 40.Rc7 Nxa4 41.Rxc6+ {#r} 1-0

[Event "Ch Russia (1/2 final)"]
[Site "masterchessopen.com - Tula (Russia)"]
[Round "7"]
[White "Yevseev Denis (RUS)"]
[Black "Gavritenkov Sergei (RUS)"]
[Result "1-0"]
[WhiteElo "2470"]
[BlackElo "2280"]

1.d4 f5 2.g3 Nf6 3.Bg2 e6 4.c4 Be7 5.Nf3 d6 6.O-O O-O 7.Nc3 Qe8 8.b3 Qh5 9.Ba3
a5 10.d5 Ne4 11.Rc1 Na6 12.dxe6 Bxe6 13.Nd4 Nxc3 14.Rxc3 Bc8 15.Nb5 Rb8 16.Re3
Re8 17.Qd2 a4 18.bxa4 Kh8 19.a5 Qg6 20.Nc3 Bd7 21.c5 Bc6 22.cxd6 Bxd6 23.Bxd6
Rxe3 24.Qxe3 Bxg2 25.Kxg2 Qxd6 26.Rd1 Qf6 27.Nd5 Qc6 28.Qf3 Qa4 29.Ne3 Qxa2
30.Nxf5 Qxa5 31.Nxg7 Qe5 32.Nf5 Rf8 33.Rd5 Qf6 34.e4 Nb4 35.Rd7 Na6 36.Qh5 Qg6
37.Qh4 b5 38.Qe7 Re8 39.Rd8 {#r} 1-0

[Event "It (open)"]
[Site "masterchessopen.com - Benasque (Spain)"]
[Round "4"]
[White "Sulava Nenad (CRO)"]
[Black "Vilarnovo Caamano Jose (ESP)"]
[Result "1-0"]
[WhiteElo "2467"]
[BlackElo "2161"]

1.Nf3 e6 2.g3 f5 3.Bg2 Nf6 4.O-O Be7 5.c4 O-O 6.Nc3 d6 7.d4 Qe8 8.b3 Nc6 9.d5
Ne5 10.dxe6 Nxf3+ 11.exf3 Bxe6 12.Re1 Bf7 13.f4 c6 14.Ba3 Bh5 15.Qd3 Qd7
16.Ne2 Ne8 17.Nd4 Bd8 18.Bh3 Bg6 19.Re2 Nc7 20.Rae1 Rf6 21.Re3 c5 22.Nf3 b6
23.Ne5 Qc8 24.Nxg6 hxg6 25.Bg2 Rb8 26.Bb2 {#r} 1-0

[Event "Ch France (juniors) (under 16)"]
[Site "masterchessopen.com - France"]
[Round "5"]
[White "Templier Nicolas (FRA)"]
[Black "Bissieres Mathieu (FRA)"]
[Result "1-0"]
[WhiteElo "2226"]
[BlackElo "2133"]

1.d4 e6 2.c4 f5 3.g3 Nf6 4.Bg2 d6 5.Nf3 Be7 6.O-O O-O 7.b3 Qe8 8.Nc3 Qh5 9.Bb2
g5 10.Nd2 c6 11.e4 Qh6 12.exf5 exf5 13.d5 f4 14.Nde4 Ng4 15.h3 Ne5 16.f3 fxg3
17.Nxg3 Bxh3 18.dxc6 bxc6 19.Nce4 Nbd7 20.Bc1 Bxg2 21.Kxg2 Qg6 22.Ba3 c5
23.Qd5+ Kg7 24.Rad1 Nb6 25.Qb7 Rf7 26.Bb2 h5 27.a4 h4 28.a5 Bf8 29.Qc6 Rc8
30.Bxe5+ Kg8 31.Qxd6 Bxd6 32.Rxd6 Qh7 33.axb6 axb6 34.Nxg5 Qc2+ 35.Rf2 Qxb3
36.Rg6+ Kf8 37.Bd6+ Re7 38.Nf5 Re8 39.Re2 h3+ 40.Kxh3 Qd3 41.Nh7+ {#r} 1-0

[Event "Bundesliga 1998/99 (w)"]
[Site "masterchessopen.com - Germany"]
[Round "11"]
[White "Lomineishvili Maia (GEO)"]
[Black "Just Anita (GER)"]
[Result "1-0"]
[WhiteElo "2387"]
[BlackElo "2108"]

1.d4 e6 2.c4 f5 3.g3 Nf6 4.Bg2 Be7 5.Nf3 O-O 6.O-O d6 7.Nc3 Qe8 8.b3 Nbd7
9.Re1 Qg6 10.e4 fxe4 11.Nxe4 Nxe4 12.Rxe4 e5 13.Nh4 Bxh4 14.Rxh4 Qf5 15.f4
exd4 16.g4 Qf6 17.g5 Qf5 18.Bd5+ Kh8 19.Qxd4 Ne5 20.Bb2 c5 21.Qc3 Be6 22.Bxe6
Qxe6 23.fxe5 Qf5 24.Qg3 Rae8 25.g6 h5 26.Qh3 Qxg6+ 27.Kh1 Rf5 28.Rg1 Qf7 29.e6
Rxe6 30.Rxg7 {#r} 1-0

[Event "Ch Hungary (team) 1998/99 (2 liga)"]
[Site "masterchessopen.com - Hungary"]
[Round "0"]
[White "Markus Robert (SRB)"]
[Black "Gara Gyorgy (HUN)"]
[Result "1-0"]
[WhiteElo "2336"]
[BlackElo "2178"]

1.d4 e6 2.c4 f5 3.Nc3 Nf6 4.g3 Be7 5.Bg2 d6 6.Nf3 O-O 7.O-O Qe8 8.b3 Qh5 9.Bb2
Nbd7 10.Qd3 c6 11.e4 fxe4 12.Nxe4 Ng4 13.h3 Nh6 14.Ba3 Nf7 15.Rfe1 e5 16.dxe5
Ndxe5 17.Nxe5 Nxe5 18.Qe2 Bg4 19.hxg4 Nxg4 20.f4 Qh2+ 21.Kf1 Rxf4+ 22.gxf4
Qxf4+ 23.Bf3 Rf8 24.Kg1 Ne5 25.Bh5 {#r} 1-0

[Event "It (cat.3)"]
[Site "masterchessopen.com - Koszeg (Hungary)"]
[Round "4"]
[White "Kiss Pal (HUN)"]
[Black "Stolte Alexander (GER)"]
[Result "1-0"]
[WhiteElo "2419"]
[BlackElo "2267"]

1.d4 f5 2.g3 Nf6 3.Bg2 e6 4.Nf3 Be7 5.O-O O-O 6.c4 d6 7.Nc3 Qe8 8.b3 Qh5 9.Ba3
Rf7 10.e3 Nbd7 11.Ne1 Qh6 12.Nd3 c6 13.d5 cxd5 14.cxd5 e5 15.Nb5 g5 16.Nb2 a6
17.Nc7 Rb8 18.Nc4 b5 19.Na5 b4 20.Bb2 Bd8 21.Rc1 Nc5 22.Rxc5 Bxc7 23.Nc6 Bb6
24.Rc2 Ra8 25.Nxb4 f4 26.Rc6 Ng4 27.Rxc8+ Rxc8 28.Qxg4 Rcf8 29.exf4 exf4
30.Qe6 Qh5 31.gxf4 {#r} 1-0

[Event "It (cat.3)"]
[Site "masterchessopen.com - Koszeg (Hungary)"]
[Round "11"]
[White "Wolter Kai (GER)"]
[Black "Stolte Alexander (GER)"]
[Result "0-1"]
[WhiteElo "2344"]
[BlackElo "2267"]

1.g3 f5 2.Bg2 Nf6 3.c4 e6 4.Nc3 Be7 5.d4 O-O 6.Nf3 d6 7.O-O Qe8 8.b3 Qh5 9.Bb2
c6 10.Re1 d5 11.e3 Nbd7 12.Nd2 Qh6 13.f4 Ne4 14.Ncxe4 fxe4 15.Qc1 Bf6 16.Ba3
Rf7 17.b4 g5 18.Bb2 Qg7 19.Nb3 Nf8 20.a4 Ng6 21.Qd2 Bd7 22.Nc5 b6 23.Nxd7 Rxd7
24.cxd5 cxd5 25.fxg5 Bxg5 26.Bh3 Nh4 27.Bxe6+ Kh8 28.Kh1 Nf3 29.Qe2 Rd6 30.Bg4
Nxe1 31.Rxe1 Bxe3 32.Qd1 Qh6 33.Qe2 Bg5 34.b5 Rf6 35.Ba3 Bd2 36.Rd1 Be3 37.h3
Rf2 38.Qe1 Rg8 39.Bd6 Rxg4 40.Be5+ Kg8 41.h4 Rxh4+ 42.gxh4 Qxh4+ 43.Kg1 Qg4+
44.Kh1 Qg2# 0-1

[Event "It (open) \"]
[Site "masterchessopen.com - Spain"]
[Round "9"]
[White "Daguro Dasalla Armando (ESP)"]
[Black "Segura Vila Juan (ESP)"]
[Result "0-1"]
[WhiteElo "1995"]
[BlackElo "2008"]

1.d4 f5 2.Nf3 Nf6 3.g3 e6 4.Bg2 Be7 5.O-O O-O 6.c4 d6 7.Nc3 Qe8 8.b3 Qh5 9.e3
g5 10.Bb2 Ng4 11.Ne2 Nd7 12.h3 Nh6 13.Nh2 Nf6 14.Qc2 c6 15.Ba3 Bd7 16.f3 Rae8
17.Rad1 Kh8 18.Bb2 d5 19.c5 Bd8 20.Bc3 Bc7 21.Qb2 Qg6 22.Kh1 Nh5 23.Be1 f4
24.exf4 gxf4 25.Ng4 Nxg3+ 26.Nxg3 Nxg4 27.fxg4 fxg3 28.Bf3 Rf7 29.Qg2 Ref8
30.Bxg3 Bxg3 31.Qxg3 Qg7 32.Kg2 b6 33.b4 Rf4 34.Be2 e5 35.dxe5 Qxe5 36.Rde1
Qe4+ 37.Bf3 Qxb4 38.cxb6 axb6 39.Rb1 Qd4 40.Rfd1 Qf6 41.Rf1 {#R} 0-1